Score 0/15 Timer 03:00
3 Plays Today
Number Celebrity % Correct
Elvis Presley
97.4%
Donald Trump
94.9%
Leonardo DiCaprio
94.3%
Alec Baldwin
86.5%
Ronald Reagan
86.1%
Bono
85.3%
Ryan Gosling
75.3%
Robert Pattinson
70.5%
Number Celebrity % Correct
Macaulay Culkin
69.7%
Antonio Banderas
68.9%
Cristiano Ronaldo
52.8%
Al Sharpton
51.7%
Shia LaBeouf
48.2%
Andy Garcia
42.1%
Jermaine Jackson
37.7%
Remove Ads.
Support Sporcle.
Get the best of Sporcle when you Go Orange. This ad-free experience offers more features, more stats, and more fun while also helping to support Sporcle. Thank you for becoming a member.

You're not logged in!

Compare scores with friends on all Sporcle quizzes.
OR
Log In

Show Comments

Extras

Top Quizzes Today


Score Distribution

Your Account Isn't Verified!

In order to create a playlist on Sporcle, you need to verify the email address you used during registration. Go to your Sporcle Settings to finish the process.

Report this User

Report this user for behavior that violates our Community Guidelines.

Details: